| 000 | 00905nas a2200325 4500 | ||
|---|---|---|---|
| 001 | BR2014001241 | ||
| 003 | BR-BrBNA | ||
| 005 | 20231205123746.0 | ||
| 007 | ta | ||
| 008 | 230509b bl.|||p| |||| 00| 00por d | ||
| 040 |
_aBR-BrBNA _bpor _cBiblioteca Nacional de Agricultura |
||
| 041 | _a(Pt) | ||
| 072 | _aP06 | ||
| 100 | 1 | _aFerrari, R.A. | |
| 100 | 1 | _aOliveira, V. da S. | |
| 100 | 1 | _aScabio, A. | |
| 100 | 1 | _aBarcaro, P. | |
| 100 | 1 | _aSouza, W.L. de | |
| 245 | 1 | _aBiodiesel etílico de óleo de soja e girassol | |
| 650 | _aBIOCOMBUSTÍVEL | ||
| 650 | _aETANOL | ||
| 650 | _aÓLEO VEGETAL | ||
| 650 | _aGIRASSOL | ||
| 650 | _aSOJA | ||
| 650 | _aPROPRIEDADE FÍSICO-QUÍMICA | ||
| 650 | _aBIOMASSA | ||
| 773 | 0 |
_tBiomassa e Energia (Brazil) _xISSN 1806-3810 _g(Jul-Sep 2004), v. 1(3) p. 265-271 _wBR2014001241 |
|
| 909 |
_a202311 _bLúcia _c55 _dLúcia Elande |
||
| 942 |
_2AGRIS _n0 _cANA |
||
| 999 |
_c235558 _d235558 |
||